| 000 | 00480nam a2200145Ia 4500 | ||
|---|---|---|---|
| 008 | 211109s9999||||xx |||||||||||||| ||und|| | ||
| 082 |
_a894.81207 _bRAJ-S |
||
| 100 | _aRajan, Mohan Sundar | ||
| 245 | 0 | _aSpacile Adhbhudangal | |
| 260 |
_bSTATE INSTITUTE OF LANGUAGE _aThiruvananthapuram _c1976 |
||
| 300 | _a116p. | ||
| 630 | _xgeneral stack | ||
| 650 |
_a Literature & rhetoric _vLiteratures of other languages _xAltaic, Uralic, Hyperborean & Dravidian Generalia |
||
| 942 | _cBOOK | ||
| 999 |
_c64905 _d64905 |
||